Photoproduction and scattering of pi-mesons : including Clebsch-Gordon [i.e. Gordan], Racah, and Z-coefficients.
Guardado en:
| Autor Principal: | |
|---|---|
| Formato: | Libro |
| Idioma: | English Russian |
| Publicado: |
Delhi :
Hindustan Pub. Corp.; sole distributors for Western Hemisphere: Gordon and Breach Publishers, New York,
1961.
|
| Series: | [Russian tracts on advanced mathematics and physics ;
v. 7] International monographs on advanced mathematics and physics. |
| Materias: | |
| Etiquetas: |
Agregar Etiqueta
Sin Etiquetas, Sea el primero en etiquetar este registro!
|
| LEADER | 01196nam a22002771a 4500 | ||
|---|---|---|---|
| 001 | MAT.inmabb005402 | ||
| 008 | 850322s1961####ii#a#####b####000#0#eng## | ||
| 005 | 20170811153153.0 | ||
| 245 | 1 | 0 | |a Photoproduction and scattering of pi-mesons : |b including Clebsch-Gordon [i.e. Gordan], Racah, and Z-coefficients. |
| 260 | |a Delhi : |b Hindustan Pub. Corp.; sole distributors for Western Hemisphere: Gordon and Breach Publishers, New York, |c 1961. | ||
| 300 | |a 99 p. : |b il. ; |c 23 cm. | ||
| 440 | 0 | |a [Russian tracts on advanced mathematics and physics ; |v v. 7] | |
| 500 | |a International monographs on advanced mathematics and physics. | ||
| 500 | |a Traducción de: [Sviaz fotoobrazovaniia [pi]-mezonov s rasseianiem]. | ||
| 504 | |a Includes bibliography. | ||
| 510 | 4 | |a MR, |c 32 #7055 | |
| 100 | 1 | |a Nelipa, N. F. |q (Nikolai Fedorovich) | |
| 240 | 1 | 0 | |a Sviaz fotoobrazovaniia [pi]-mezonov s rasseianiem. |l Inglés |
| 830 | 0 | |a International monographs on advanced mathematics and physics. | |
| 650 | 0 | |a Pions |x Scattering. | |
| 650 | 0 | |a Photonuclear reactions. | |
| 084 | |a 81.22 |2 MR | ||
| 010 | |a 62002180 | ||
| 040 | |a DLC/ICU |c ICU |d DLC | ||
| 041 | 1 | |a eng |h rus | |
| 859 | |h 81 |i N419 |p A-1179 |b BIB. MATEMATICA | ||
